000 00788nam a2200265Ia 4500
008 170203s9999 xx 000 0 und d
020 _a8170866006
050 _a291.2
050 _b.Y67 2010
245 _aYoucat English :
245 _b youth catechism of the Catholic Church /
245 _ctranslated by Michael J. Miller ;
260 _aSan Francisco, Calif. :
260 _bIgnatius Press,
260 _cc2011
300 _a303 pages :
300 _bill. (mostly col.) ;
300 _c21 cm.
500 _aOriginal German edition published in Munich, Germany by Pattloch Verlag, c2010. Includes index.
650 _a Catholic Church
650 _aCatholic Church
650 _aJuvenile literature.
650 _xCatechisms --
650 _xCatechisms.
999 _c305422
_d305422